| 000 | 00408nam a2200145Ia 4500 | ||
|---|---|---|---|
| 008 | 230917s9999||||xx |||||||||||||| ||und|| | ||
| 040 |
_e115992 _aMAIN |
||
| 041 | _aEnglish | ||
| 082 | _a301.412 B793E | ||
| 100 | _aBrosius, Christiane | ||
| 245 | 0 | _aEmpowering visions: The politics of representation in Hindi nationalism | |
| 260 |
_aLondon _bAnthem Press _c2005 |
||
| 300 | _axiii, 365 p. | ||
| 942 | _cBK | ||
| 999 |
_c140107 _d140107 |
||